<?xml version="1.0" encoding="UTF-8"?>
<collection xmlns="http://www.loc.gov/MARC21/slim">
 <record>
  <leader>03026nam a22007212  4500</leader>
  <controlfield tag="001">1809033691</controlfield>
  <controlfield tag="003">DE-627</controlfield>
  <controlfield tag="005">20220704232036.0</controlfield>
  <controlfield tag="007">tu</controlfield>
  <controlfield tag="008">220704s2012    gw |||||      00| ||ger c</controlfield>
  <datafield tag="015" ind1=" " ind2=" ">
   <subfield code="a">11,N18</subfield>
   <subfield code="2">dnb</subfield>
  </datafield>
  <datafield tag="015" ind1=" " ind2=" ">
   <subfield code="a">12,A10</subfield>
   <subfield code="2">dnb</subfield>
  </datafield>
  <datafield tag="016" ind1="7" ind2=" ">
   <subfield code="a">1011315505</subfield>
   <subfield code="2">DE-101</subfield>
  </datafield>
  <datafield tag="020" ind1=" " ind2=" ">
   <subfield code="a">9783442374809</subfield>
   <subfield code="c">: (kart. : EUR 9.99 (DE), EUR 10.30 (AT), sfr 16.90 (freier Pr.))</subfield>
   <subfield code="9">978-3-442-37480-9</subfield>
  </datafield>
  <datafield tag="024" ind1="3" ind2=" ">
   <subfield code="a">9783442374809</subfield>
  </datafield>
  <datafield tag="035" ind1=" " ind2=" ">
   <subfield code="a">(DE-627)1809033691</subfield>
  </datafield>
  <datafield tag="035" ind1=" " ind2=" ">
   <subfield code="a">(DE-599)DNB1011315505</subfield>
  </datafield>
  <datafield tag="035" ind1=" " ind2=" ">
   <subfield code="a">(DE-101)1011315505</subfield>
  </datafield>
  <datafield tag="040" ind1=" " ind2=" ">
   <subfield code="a">DE-627</subfield>
   <subfield code="b">ger</subfield>
   <subfield code="c">DE-627</subfield>
   <subfield code="e">rakwb</subfield>
  </datafield>
  <datafield tag="041" ind1=" " ind2=" ">
   <subfield code="a">ger</subfield>
   <subfield code="h">eng</subfield>
  </datafield>
  <datafield tag="044" ind1=" " ind2=" ">
   <subfield code="c">XA-DE-BY</subfield>
  </datafield>
  <datafield tag="082" ind1="0" ind2="4">
   <subfield code="a">850</subfield>
   <subfield code="a">B</subfield>
   <subfield code="q">DE-101</subfield>
  </datafield>
  <datafield tag="100" ind1="1" ind2=" ">
   <subfield code="a">Fiorato, Marina</subfield>
   <subfield code="e">VerfasserIn</subfield>
   <subfield code="0">(DE-588)133256170</subfield>
   <subfield code="0">(DE-627)53932132X</subfield>
   <subfield code="0">(DE-576)299729591</subfield>
   <subfield code="4">aut</subfield>
  </datafield>
  <datafield tag="240" ind1="1" ind2="6">
   <subfield code="a">The Botticelli secret</subfield>
   <subfield code="g">dt</subfield>
  </datafield>
  <datafield tag="245" ind1="1" ind2="4">
   <subfield code="a">Das Geheimnis des Frühlings</subfield>
   <subfield code="b">[Roman]</subfield>
   <subfield code="c">Marina Fiorato. Dt. von Nina Bader</subfield>
  </datafield>
  <datafield tag="250" ind1=" " ind2=" ">
   <subfield code="a">Taschenbuchausg., 1. Aufl</subfield>
  </datafield>
  <datafield tag="264" ind1=" " ind2="1">
   <subfield code="a">München</subfield>
   <subfield code="b">Blanvalet</subfield>
   <subfield code="c">2012</subfield>
  </datafield>
  <datafield tag="300" ind1=" " ind2=" ">
   <subfield code="a">607 S.</subfield>
   <subfield code="c">19 cm</subfield>
  </datafield>
  <datafield tag="336" ind1=" " ind2=" ">
   <subfield code="a">Text</subfield>
   <subfield code="b">txt</subfield>
   <subfield code="2">rdacontent</subfield>
  </datafield>
  <datafield tag="337" ind1=" " ind2=" ">
   <subfield code="a">ohne Hilfsmittel zu benutzen</subfield>
   <subfield code="b">n</subfield>
   <subfield code="2">rdamedia</subfield>
  </datafield>
  <datafield tag="338" ind1=" " ind2=" ">
   <subfield code="a">Band</subfield>
   <subfield code="b">nc</subfield>
   <subfield code="2">rdacarrier</subfield>
  </datafield>
  <datafield tag="490" ind1="0" ind2=" ">
   <subfield code="a">Blanvalet</subfield>
   <subfield code="v">37480</subfield>
  </datafield>
  <datafield tag="600" ind1="1" ind2="4">
   <subfield code="a">Botticelli, Sandro</subfield>
  </datafield>
  <datafield tag="650" ind1=" " ind2="4">
   <subfield code="a">Prostituierte</subfield>
  </datafield>
  <datafield tag="650" ind1=" " ind2="4">
   <subfield code="a">Modell</subfield>
  </datafield>
  <datafield tag="650" ind1=" " ind2="4">
   <subfield code="a">Skizze</subfield>
  </datafield>
  <datafield tag="650" ind1=" " ind2="4">
   <subfield code="a">Flucht</subfield>
  </datafield>
  <datafield tag="650" ind1=" " ind2="4">
   <subfield code="a">Verfolgung</subfield>
  </datafield>
  <datafield tag="650" ind1=" " ind2="4">
   <subfield code="a">Belletristische Darstellung</subfield>
  </datafield>
  <datafield tag="651" ind1=" " ind2="4">
   <subfield code="a">Italien</subfield>
  </datafield>
  <datafield tag="655" ind1=" " ind2="7">
   <subfield code="a">Fiktionale Darstellung</subfield>
   <subfield code="0">(DE-588)1071854844</subfield>
   <subfield code="0">(DE-627)82648378X</subfield>
   <subfield code="0">(DE-576)43337439X</subfield>
   <subfield code="2">gnd-content</subfield>
  </datafield>
  <datafield tag="689" ind1="0" ind2="0">
   <subfield code="d">g</subfield>
   <subfield code="0">(DE-588)4027833-5</subfield>
   <subfield code="0">(DE-627)106283235</subfield>
   <subfield code="0">(DE-576)208972501</subfield>
   <subfield code="a">Italien</subfield>
   <subfield code="2">gnd</subfield>
  </datafield>
  <datafield tag="689" ind1="0" ind2="1">
   <subfield code="d">s</subfield>
   <subfield code="0">(DE-588)4140334-4</subfield>
   <subfield code="0">(DE-627)105628603</subfield>
   <subfield code="0">(DE-576)209701919</subfield>
   <subfield code="a">Prostituierte</subfield>
   <subfield code="2">gnd</subfield>
  </datafield>
  <datafield tag="689" ind1="0" ind2="2">
   <subfield code="d">s</subfield>
   <subfield code="0">(DE-588)4193189-0</subfield>
   <subfield code="0">(DE-627)105228931</subfield>
   <subfield code="0">(DE-576)21008569X</subfield>
   <subfield code="a">Modell</subfield>
   <subfield code="g">Kunst</subfield>
   <subfield code="2">gnd</subfield>
  </datafield>
  <datafield tag="689" ind1="0" ind2="3">
   <subfield code="d">u</subfield>
   <subfield code="0">(DE-588)4069615-7</subfield>
   <subfield code="0">(DE-627)106103083</subfield>
   <subfield code="0">(DE-576)209177306</subfield>
   <subfield code="a">Botticelli, Sandro</subfield>
   <subfield code="d">1445-1510</subfield>
   <subfield code="t">Der Frühling</subfield>
   <subfield code="2">gnd</subfield>
  </datafield>
  <datafield tag="689" ind1="0" ind2="4">
   <subfield code="d">s</subfield>
   <subfield code="0">(DE-588)4181668-7</subfield>
   <subfield code="0">(DE-627)105316202</subfield>
   <subfield code="0">(DE-576)210006056</subfield>
   <subfield code="a">Skizze</subfield>
   <subfield code="2">gnd</subfield>
  </datafield>
  <datafield tag="689" ind1="0" ind2="5">
   <subfield code="d">s</subfield>
   <subfield code="0">(DE-588)4017598-4</subfield>
   <subfield code="0">(DE-627)10632912X</subfield>
   <subfield code="0">(DE-576)208920641</subfield>
   <subfield code="a">Flucht</subfield>
   <subfield code="2">gnd</subfield>
  </datafield>
  <datafield tag="689" ind1="0" ind2="5">
   <subfield code="d">s</subfield>
   <subfield code="0">(DE-588)4127664-4</subfield>
   <subfield code="0">(DE-627)10572310X</subfield>
   <subfield code="0">(DE-576)209595485</subfield>
   <subfield code="a">Verfolgung</subfield>
   <subfield code="2">gnd</subfield>
  </datafield>
  <datafield tag="689" ind1="0" ind2=" ">
   <subfield code="5">DE-101</subfield>
  </datafield>
  <datafield tag="700" ind1="1" ind2=" ">
   <subfield code="a">Bader, Nina</subfield>
   <subfield code="e">ÜbersetzerIn</subfield>
   <subfield code="0">(DE-588)137089961</subfield>
   <subfield code="0">(DE-627)589924184</subfield>
   <subfield code="0">(DE-576)302137351</subfield>
   <subfield code="4">trl</subfield>
  </datafield>
  <datafield tag="700" ind1="1" ind2="2">
   <subfield code="a">Fiorato, Marina</subfield>
   <subfield code="t">The Botticelli secret</subfield>
   <subfield code="g">dt</subfield>
  </datafield>
  <datafield tag="776" ind1="0" ind2="8">
   <subfield code="i">Online-Ausg</subfield>
   <subfield code="a">Fiorato, Marina</subfield>
   <subfield code="t">Das Geheimnis des Frühlings</subfield>
   <subfield code="d">München : E-Books der Verlagsgruppe Random House GmbH, 2010</subfield>
   <subfield code="h">Online-Ressource</subfield>
   <subfield code="w">(DE-101)1016782039</subfield>
  </datafield>
  <datafield tag="787" ind1="0" ind2="8">
   <subfield code="i">Rezensiert in</subfield>
   <subfield code="a">Mitterbauer, Esther, 1977 - </subfield>
   <subfield code="t">Aschenputtel zu Zeiten der großen Handels- und Seefahrerstaaten Italiens</subfield>
   <subfield code="d">2013</subfield>
   <subfield code="w">(DE-627)1478651873</subfield>
   <subfield code="w">(DE-576)408651873</subfield>
  </datafield>
  <datafield tag="951" ind1=" " ind2=" ">
   <subfield code="a">BO</subfield>
  </datafield>
  <datafield tag="990" ind1=" " ind2=" ">
   <subfield code="a">Italien</subfield>
  </datafield>
  <datafield tag="990" ind1=" " ind2=" ">
   <subfield code="a">Prostituierte</subfield>
  </datafield>
  <datafield tag="990" ind1=" " ind2=" ">
   <subfield code="a">Modell</subfield>
  </datafield>
  <datafield tag="990" ind1=" " ind2=" ">
   <subfield code="a">Botticelli, Sandro / Der Frühling</subfield>
  </datafield>
  <datafield tag="990" ind1=" " ind2=" ">
   <subfield code="a">Skizze</subfield>
  </datafield>
  <datafield tag="990" ind1=" " ind2=" ">
   <subfield code="a">Flucht</subfield>
  </datafield>
  <datafield tag="990" ind1=" " ind2=" ">
   <subfield code="a">Verfolgung</subfield>
  </datafield>
  <datafield tag="991" ind1=" " ind2=" ">
   <subfield code="a">Rezensiertes Werk</subfield>
  </datafield>
  <datafield tag="999" ind1=" " ind2=" ">
   <subfield code="a">KXP-PPN1809033691</subfield>
   <subfield code="e">4161032234</subfield>
  </datafield>
 </record>
</collection>
